00306 a2200097 4500001001000000005001700010008004100027245005400068100002600122773006000148ART_2394020260410161933.0260409a 10a¿Para qué financiamiento externo en Argentina?1 aPablo, Juan Carlos de0 tInformeg- Año VII, Nº 44 (abr./mayo 1975)wREV23765